| 000 | 00584nam a2200205Ia 4500 | ||
|---|---|---|---|
| 003 | SISC | ||
| 005 | 20181027104529.0 | ||
| 008 | 181023s9999 xx 000 0 und d | ||
| 020 | _a9781316502778 | ||
| 050 |
_aHF 5635 _b.C853 2018 |
||
| 100 | _aCoucom, Catherine | ||
| 245 |
_aCambridge IGCSE and O level accounting coursebook/ _cCatherine Coucom |
||
| 250 | _a2nd. | ||
| 260 |
_aUK: _bCambridge University Press _c2018 |
||
| 300 |
_aviii, 352 pages : _bcol. illustrations ; _c27 cm. |
||
| 500 | _aIncludes index | ||
| 650 | _aAccounting | ||
| 942 |
_2lcc _cBK |
||
| 999 |
_c359403 _d359403 |
||